Cargando…
Campeón /
| Clasificación: | Libro Electrónico |
|---|---|
| Autor principal: | |
| Otros Autores: | |
| Formato: | Electrónico eBook |
| Idioma: | Español Inglés |
| Publicado: |
[Barcelona] :
Montesinos,
[2009]
|
| Temas: | |
| Acceso en línea: | Texto completo |
MARC
| LEADER | 00000nam a2200000Ii 4500 | ||
|---|---|---|---|
| 001 | DIGMONTE0076 | ||
| 003 | NyNyDIG | ||
| 006 | m o d | ||
| 008 | 150901s2009 sp o 000 f spa d | ||
| 007 | cr ||||||||||| | ||
| 020 | |z 9788492616107 | ||
| 020 | |z 8492616105 | ||
| 040 | |a DGITA |b eng |e rda |e pn |c DGITA | ||
| 041 | 1 | |a spa |h eng | |
| 050 | 1 | 4 | |a PZ3.L323 eBook |
| 050 | 1 | 4 | |a PS3523.A7 eBook |
| 100 | 1 | |a Lardner, Ring, |d 1885-1933, |e author. | |
| 240 | 1 | 0 | |a Short stories. |l Spanish |s (Vázquez Rial) |
| 245 | 1 | 0 | |a Campeón / |c Ring Lardner ; traducción de Horacio Vázquez Rial. |
| 264 | 1 | |a [Barcelona] : |b Montesinos, |c [2009] | |
| 300 | |a 1 online resource. | ||
| 336 | |a text |b txt |2 rdacontent | ||
| 337 | |a computer |b c |2 rdamedia | ||
| 338 | |a online resource |b cr |2 rdacarrier | ||
| 505 | 0 | |a Zona de silencio -- Corte de pelo -- Nido de amor -- Campeón -- ¿Quién da? -- El trovador de Maysville -- Luna de miel dorada -- No puedo respirar. | |
| 588 | 0 | |a Online resource; title from PDF title page (Digitalia, viewed September 23, 2015) | |
| 651 | 0 | |a United States |x Social life and customs |y 20th century |v Fiction. | |
| 655 | 7 | |a Short stories. |2 lcgft | |
| 655 | 0 | |a Electronic books. | |
| 700 | 1 | |a Vázquez Rial, Horacio, |d 1947-2012, |e translator. | |
| 776 | 0 | 8 | |i Print version: |a Lardner, Ring, 1885-1933 |t Campeón. |d [Barcelona] : Montesinos, [2009] |z 9788492616107 |
| 791 | 2 | |a Digitalia (Firm), |e distributor. | |
| 793 | 0 | |g Digitalia eBook Collection: |a Editorial Montesinos. | |
| 856 | 4 | 0 | |u https://digitalia.uam.elogim.com/a/37100/ |z Texto completo |
| 910 | |a Premium Collection: 2015 | ||